Infrastructure goes global (Record no. 108914)

MARC details
000 -LEADER
fixed length control field 01234cad a22002295a 4500
001 - CONTROL NUMBER
control field L145775
008 - FIXED-LENGTH DATA ELEMENTS--GENERAL INFORMATION
fixed length control field 081106s2008 xxkad f s 000 0 eng d
035 ## - SYSTEM CONTROL NUMBER
System control number (Sirsi) u145775
041 0# - LANGUAGE CODE
Language code of text/sound track or separate title eng
050 04 - LIBRARY OF CONGRESS CALL NUMBER
Classification number 332.642 $2 18
100 1# - MAIN ENTRY--PERSONAL NAME
Personal name Patel, Jaimala
245 00 - TITLE STATEMENT
Title Infrastructure goes global
Medium [electronic resource]
260 ## - PUBLICATION, DISTRIBUTION, ETC.
Place of publication, distribution, etc. London
Name of publisher, distributor, etc. RREEF
Date of publication, distribution, etc. 2008
520 ## - SUMMARY, ETC.
Summary, etc. Discusses the main investment vehicles and strategies for infrastructure and comments on the globalisation of infrastructure investments. Provides a framework for a global allocation to infrastructure investments. After providing three market neutral allocations based on various size measures, presents three representative sample portfolios that could match the risk/return profile of individual investors. Concludes that mature infrastructure investments are an attractive investment.
590 ## - LOCAL NOTE (RLIN)
Local note KA
651 #4 - SUBJECT ADDED ENTRY--GEOGRAPHIC NAME
Geographic name International
690 ## - LOCAL SUBJECT ADDED ENTRY--TOPICAL TERM (OCLC, RLIN)
Topical term or geographic name as entry element PROPERTY-COMMERCIAL PROPERTY-COMMERCIAL PROPERTY MARKET
690 ## - LOCAL SUBJECT ADDED ENTRY--TOPICAL TERM (OCLC, RLIN)
Topical term or geographic name as entry element PROPERTY-COMMERCIAL PROPERTY-COMMERCIAL PROPERTY FINANCE AND INVESTMENT
700 1# - ADDED ENTRY--PERSONAL NAME
Personal name Mansour, Asieh
856 40 - ELECTRONIC LOCATION AND ACCESS
Uniform Resource Identifier <a href="https://www.rreef.com/cps/rde/xchg/ai_en/hs.xsl/3097.html">https://www.rreef.com/cps/rde/xchg/ai_en/hs.xsl/3097.html</a>
Public note View the report free of charge at www.rreef.com....
942 ## - ADDED ENTRY ELEMENTS (KOHA)
Suppress in OPAC 0
Holdings
Withdrawn status Lost status Source of classification or shelving scheme Damaged status Not for loan Home library Current library Shelving location Date acquired Total Checkouts Full call number Barcode Date last seen Copy number Price effective from Koha item type
    Dewey Decimal Classification     Virtual Virtual Online 06/11/2008   ONLINE PUBLICATION 145775-2001 06/08/2019 1 06/08/2019 Book